| 000 | 003820000a22001090004500 | ||
|---|---|---|---|
| 090 |
_aAS _bSeriadas |
||
| 245 | 1 | 0 | _aInteracciones ecológicas entre ectoparásitos y aves silvestres de fragmentos de bosque y serrado en minas Gerais, Brasil |
| 041 | 0 | _aEspañol | |
| 100 | 1 |
_aRojas Robles, Rosario _9100205 |
|
| 942 | _cARTICULO | ||
| 773 | 1 |
_tActualidades Biológicas _h81 _q11-124 _d2004 _g26 |
|
| 999 |
_c15963 _d15963 |
||